| 000 | 00746nam a2200229 a 4500 | ||
|---|---|---|---|
| 005 | 20230627063606.0 | ||
| 008 | 991125s1973 bar 000 0 spa u | ||
| 020 | _a8430726519 | ||
| 035 | _aUPN01000035710 | ||
| 049 | _aCG | ||
| 050 | 4 |
_aBC59 _bG5.58 |
|
| 100 | 1 | _aGlaymann, Maurice | |
| 245 | 1 | 3 |
_aLa lógica en la escuela / _cM. Glaymann, P. C. Rosenbloom ; rev. de Rosa Foix ; tr. de D. Bergadí. |
| 260 |
_aBarcelona, Esp. : _bTeide, _c1973. |
||
| 300 |
_a90 p. : _bil. |
||
| 440 | 0 |
_aEnseñanza de la matemática moderna ; _v11 |
|
| 650 | 4 |
_aCiencia _xMetodología _95804 |
|
| 650 | 4 |
_aLógica _xEstudio y enseñanza _915637 |
|
| 650 | 4 |
_aLógica simbólica y matemática _93581 |
|
| 700 | 2 |
_aRosenblomm, P. C., _ecoaut. |
|
| 905 | _aLibro | ||
| 999 |
_c35710 _d35710 |
||